Ley 975 de 2005 de justicia y paz / (Registro nro. 5008)
[ vista simple ]
| 000 -LEADER | |
|---|---|
| fixed length control field | 01272nam a2200241Ia 4500 |
| 003 - CONTROL NUMBER IDENTIFIER | |
| control field | OSt |
| 005 - DATE AND TIME OF LATEST TRANSACTION | |
| control field | 20200813121955.0 |
| 008 - FIXED-LENGTH DATA ELEMENTS--GENERAL INFORMATION | |
| fixed length control field | 191128s2005 ck ad grl f000 0 spa d |
| 040 ## - CATALOGING SOURCE | |
| Original cataloging agency | CO-JMCR |
| Transcribing agency | CO-JMCR |
| 041 0# - LANGUAGE CODE | |
| Language code of text/sound track or separate title | spa |
| 082 04 - DEWEY DECIMAL CLASSIFICATION NUMBER | |
| Classification number | 341.73 / |
| Item number | C718l |
| Edition number | 23 |
| 110 1# - MAIN ENTRY--CORPORATE NAME | |
| Corporate name or jurisdiction name as entry element | Colombia. |
| 9 (RLIN) | 8040 |
| 240 10 - UNIFORM TITLE | |
| Uniform title | Leyes, decretos, etc. |
| 245 10 - TITLE STATEMENT | |
| Title | Ley 975 de 2005 de justicia y paz / |
| Statement of responsibility, etc. | Oficina Alto Comisionado para la paz |
| 260 ## - PUBLICATION, DISTRIBUTION, ETC. | |
| Place of publication, distribution, etc. | Bogotá : |
| Name of publisher, distributor, etc. | Imprenta Nacional de Colombia, |
| Date of publication, distribution, etc. | 2005 |
| 300 ## - PHYSICAL DESCRIPTION | |
| Extent | 119 páginas : |
| Other physical details | gráficos a blanco y negro ; |
| Dimensions | 20 X 28 cm. |
| 505 0# - FORMATTED CONTENTS NOTE | |
| Formatted contents note | Conceptos básicos -- Generalidades -- Instituciones para la ejecución de la ley -- Protección a víctimas y testigos -- Derecho del procesado -- Instituciones para la reparación de víctimas -- Procedimiento para investigación y juzgamiento |
| 520 3# - SUMMARY, ETC. | |
| Summary, etc. | No existe en Colombia tradición de articular procesos de paz con aplicación de la justicia. En el acuerdo de La Uribe, firmado con las FARC en 1984, se habla de perdón y olvido. En el acuerdo con el M-19 de 1990 sólo se habla de indulto. |
| 650 14 - SUBJECT ADDED ENTRY--TOPICAL TERM | |
| Topical term or geographic name entry element | Ley de justicia y paz |
| Geographic subdivision | Colombia |
| 9 (RLIN) | 8041 |
| 650 14 - SUBJECT ADDED ENTRY--TOPICAL TERM | |
| Topical term or geographic name entry element | Desplazamiento forzado |
| Geographic subdivision | Colombia |
| 9 (RLIN) | 8042 |
| 650 14 - SUBJECT ADDED ENTRY--TOPICAL TERM | |
| Topical term or geographic name entry element | Víctimas de la violencia |
| General subdivision | legislación |
| Geographic subdivision | Colombia |
| 9 (RLIN) | 8043 |
| 942 ## - ADDED ENTRY ELEMENTS (KOHA) | |
| Source of classification or shelving scheme | Dewey Decimal Classification |
| Koha item type | Books |
| Withdrawn status | Lost status | Source of classification or shelving scheme | Damaged status | Not for loan | Collection code | Home library | Current library | Date acquired | Source of acquisition | Full call number | Barcode | Date last seen | Copy number | Koha item type |
|---|---|---|---|---|---|---|---|---|---|---|---|---|---|---|
| Dewey Decimal Classification | Non-fiction | Biblioteca Pública José María del Castillo y Rada | Biblioteca Pública José María del Castillo y Rada | 04/15/2018 | Donación | 341.73 / C718l | 430001133 | 05/16/2024 | Ej.1 | Books |